000 01171cam a2200217 4500
001 X113363
008 000000n2001 000 0 eng u
035 _a(Sirsi) u113363
100 _aD'Aguilar, M.
245 _aSocial investment for healthy return
260 _c2001
490 _aRegeneration and Renewal
_v15 June 2001, 20-21(2)
520 _aDiscusses Health Impact Assessments (HIAs) and their role in successful regeneration projects. The assessments, carried out by facilitators familiar with the effects of regeneration projects on the health of local populations, seek to reduce inequalities and address the wider issues underlying health including the level of paid employment, quality of housing, social exclusion and support from family and friends as well as provision of medical care. HIAs can be carried out at any stage of the regeneration process and ensure that projects benefit the largest cross section of the community possible. Case studies.
650 _aHEALTH IMPACT ASSESSMENTS
650 _aHEALTH ISSUES
650 _aHIAS
650 _aSOCIAL EXCLUSION
650 _aURBAN REGENERATION
690 _aREGENERATION
942 _n0
999 _c67538
_d67538